Julia's kitchen wisdom : (Record no. 87)

MARC details
000 -LEADER
fixed length control field 01403cam a22003254a 4500
005 - DATE AND TIME OF LATEST TRANSACTION
control field 20260322212005.0
008 - FIXED-LENGTH DATA ELEMENTS--GENERAL INFORMATION
fixed length control field data
010 ## - LIBRARY OF CONGRESS CONTROL NUMBER
LC control number 00062928
020 ## - INTERNATIONAL STANDARD BOOK NUMBER
International Standard Book Number 0375411518
020 ## - INTERNATIONAL STANDARD BOOK NUMBER
International Standard Book Number 9780375411519
040 ## - CATALOGING SOURCE
Original cataloging agency DLC
Transcribing agency DLC
Modifying agency DLC
042 ## - AUTHENTICATION CODE
Authentication code pcc
050 00 - LIBRARY OF CONGRESS CALL NUMBER
Classification number TX651
Item number .C523 2000
082 00 - DEWEY DECIMAL CLASSIFICATION NUMBER
Classification number 641.5
Edition information 21
092 ## - LOCALLY ASSIGNED DEWEY CALL NUMBER (OCLC)
Classification number 641.5 Chi 2000
001 - CONTROL NUMBER
control field data
100 1# - MAIN ENTRY--PERSONAL NAME
Personal name Child, Julia.
245 10 - TITLE STATEMENT
Title Julia's kitchen wisdom :
Remainder of title essential techniques and recipes from a lifetime of cooking /
Statement of responsibility, etc. Julia Child & David Nussbaum.
250 ## - EDITION STATEMENT
Edition statement 1st ed.
260 ## - PUBLICATION, DISTRIBUTION, ETC.
Place of publication, distribution, etc. New York :
Name of publisher, distributor, etc. Knopf,
Date of publication, distribution, etc. 2000.
300 ## - PHYSICAL DESCRIPTION
Extent x, 127 p., [8] p. of plates :
Other physical details ill. (some col.) ;
Dimensions 22 cm.
650 #0 - SUBJECT ADDED ENTRY--TOPICAL TERM
Topical term or geographic name entry element Cooking.
700 1# - ADDED ENTRY--PERSONAL NAME
Personal name Nussbaum, David.
856 42 - ELECTRONIC LOCATION AND ACCESS
Materials specified Contributor biographical information
Uniform Resource Identifier <a href="http://www.loc.gov/catdir/bios/random051/00062928.html">http://www.loc.gov/catdir/bios/random051/00062928.html</a>
856 41 - ELECTRONIC LOCATION AND ACCESS
Materials specified Sample text
Uniform Resource Identifier <a href="http://www.loc.gov/catdir/samples/random042/00062928.html">http://www.loc.gov/catdir/samples/random042/00062928.html</a>
856 42 - ELECTRONIC LOCATION AND ACCESS
Materials specified Publisher description
Uniform Resource Identifier <a href="http://www.loc.gov/catdir/description/random045/00062928.html">http://www.loc.gov/catdir/description/random045/00062928.html</a>
906 ## - LOCAL DATA ELEMENT F, LDF (RLIN)
a 7
b cbc
c orignew
d 1
e ocip
f 20
g y-gencatlg
925 0# -
-- acquire
-- 2 shelf copies
-- policy default
Holdings
Withdrawn status Lost status Damaged status Not for loan Home library Current library Shelving location Date acquired Total checkouts Full call number Barcode Date last seen Price effective from Koha item type
        Fairview Fairview General stacks 22/03/2026   641.5 21 BC0010090 22/03/2026 22/03/2026 Books